Language Families - Tile Select #1 - Statistics

General Stats
  • This quiz has been taken 1,939 times
  • The average score is 49 of 76
Answer Stats
Question Tile Select % Correct
Indo-European languages English Yes
88%
Indo-European languages Spanish Yes
88%
Indo-European languages French Yes
87%
Indo-European languages German Yes
87%
Indo-European languages Finnish No
86%
Indo-European languages Latin Yes
85%
Indo-European languages Basque No
84%
Uralic languages Norwegian No
84%
Indo-European languages Telugu No
84%
Atlantic–Congo languages (Authorities disagree on whether this is a top-level family or part of a broader Niger–Congo family) Arabic No
83%
Uralic languages Swedish No
83%
Indo-European languages Greek Yes
82%
Indo-European languages Hungarian No
82%
Atlantic–Congo languages (Authorities disagree on whether this is a top-level family or part of a broader Niger–Congo family) Afrikaans No
80%
Atlantic–Congo languages (Authorities disagree on whether this is a top-level family or part of a broader Niger–Congo family) Amharic No
79%
Uralic languages Russian No
77%
Indo-European languages Hindi Yes
76%
Indo-European languages Russian Yes
76%
Indo-European languages Turkish No
76%
Indo-European languages Afrikaans Yes
75%
Uralic languages Latvian No
75%
Uralic languages Lithuanian No
75%
Atlantic–Congo languages (Authorities disagree on whether this is a top-level family or part of a broader Niger–Congo family) Somali No
75%
Afro-Asiatic languages Turkish No
75%
Indo-European languages Maltese No
74%
Afro-Asiatic languages Persian No
74%
Afro-Asiatic languages Somali Yes
74%
Afro-Asiatic languages Amharic Yes
73%
Uralic languages Finnish Yes
73%
Atlantic–Congo languages (Authorities disagree on whether this is a top-level family or part of a broader Niger–Congo family) Malagasy No
71%
Uralic languages Mongolian No
71%
Indo-European languages Persian Yes
71%
Indo-European languages Albanian Yes
70%
Afro-Asiatic languages Arabic Yes
70%
Uralic languages Estonian Yes
70%
Atlantic–Congo languages (Authorities disagree on whether this is a top-level family or part of a broader Niger–Congo family) Igbo Yes
70%
Uralic languages Hungarian Yes
69%
Uralic languages Ossetian No
69%
Atlantic–Congo languages (Authorities disagree on whether this is a top-level family or part of a broader Niger–Congo family) Yoruba Yes
69%
Afro-Asiatic languages Aramaic Yes
67%
Uralic languages Kyrgyz No
67%
Uralic languages Chechen No
66%
Uralic languages Sámi Yes
64%
Indo-European languages Welsh Yes
64%
Afro-Asiatic languages Egyptian Yes
62%
Afro-Asiatic languages Fula (Fulani) No
62%
Afro-Asiatic languages Hebrew Yes
62%
Afro-Asiatic languages Kurdish No
61%
Indo-European languages Bengali Yes
59%
Indo-European languages Armenian Yes
58%
Uralic languages Karelian Yes
58%
Atlantic–Congo languages (Authorities disagree on whether this is a top-level family or part of a broader Niger–Congo family) Rundi (Kirundi) Yes
56%
Afro-Asiatic languages Tigrinya Yes
56%
Afro-Asiatic languages Phoenician Yes
54%
Atlantic–Congo languages (Authorities disagree on whether this is a top-level family or part of a broader Niger–Congo family) Zulu Yes
53%
Atlantic–Congo languages (Authorities disagree on whether this is a top-level family or part of a broader Niger–Congo family) Luo No
52%
Atlantic–Congo languages (Authorities disagree on whether this is a top-level family or part of a broader Niger–Congo family) Kinyarwanda Yes
51%
Afro-Asiatic languages Oromo Yes
51%
Atlantic–Congo languages (Authorities disagree on whether this is a top-level family or part of a broader Niger–Congo family) Xhosa Yes
51%
Atlantic–Congo languages (Authorities disagree on whether this is a top-level family or part of a broader Niger–Congo family) Shona Yes
50%
Atlantic–Congo languages (Authorities disagree on whether this is a top-level family or part of a broader Niger–Congo family) Sotho Yes
50%
Afro-Asiatic languages Swahili No
50%
Atlantic–Congo languages (Authorities disagree on whether this is a top-level family or part of a broader Niger–Congo family) Chewa (Nyanja) Yes
48%
Afro-Asiatic languages Maltese Yes
48%
Afro-Asiatic languages Tuareg Yes
48%
Afro-Asiatic languages Akkadian Yes
47%
Afro-Asiatic languages Hausa Yes
47%
Atlantic–Congo languages (Authorities disagree on whether this is a top-level family or part of a broader Niger–Congo family) Hausa No
46%
Atlantic–Congo languages (Authorities disagree on whether this is a top-level family or part of a broader Niger–Congo family) Fula (Fulani) Yes
45%
Afro-Asiatic languages Sumerian No
44%
Atlantic–Congo languages (Authorities disagree on whether this is a top-level family or part of a broader Niger–Congo family) Swahili Yes
44%
Uralic languages Udmurt Yes
44%
Atlantic–Congo languages (Authorities disagree on whether this is a top-level family or part of a broader Niger–Congo family) Mossi (Mooré) Yes
40%
Afro-Asiatic languages Tamazight Yes
40%
Atlantic–Congo languages (Authorities disagree on whether this is a top-level family or part of a broader Niger–Congo family) Akan Yes
39%
Uralic languages Moksha Yes
33%
No matching quizzes found
Score Distribution
Percent of People with Each Score
Percentile by Number Answered
Your Score History
You have not taken this quiz